九州の主要都市 - Statistics

General Stats
  • This quiz has been taken 3,031 times
  • The average score is 9 of 10
Answer Stats
人口 都市 % Correct
1,521,497 福岡
100%
740,333 熊本
99%
606,710 鹿児島
99%
433,294 長崎
99%
962,937 北九州
98%
478,105 大分
98%
402,571 宮崎
98%
235,555 佐賀
96%
302,773 久留米
82%
254,808 佐世保
79%
No matching quizzes found
Score Distribution
Percent of People with Each Score
Percentile by Number Answered
Your Score History
You have not taken this quiz